000 00671nam a2200253Ia 4500
003 OSt
005 20221007103608.0
006 a|||||r|||| 00| 0
007 ta
008 221006b |||||||| |||| 00| 0 eng d
020 _a8188327239
024 _a13,550
037 _cTextual
040 _aLCO
_cLCO
_beng
041 _2eng
_aeng
082 _aZ2,7,412, P7
100 _aAdil M.S.
_9685701
245 0 _aPlea Bargaining
_b Concept & Precept
260 _aDelhi
_bCapital Publishing House India
_c2007
300 _a283
650 _aPLEA BARGAINING
_9705307
942 _hZ2,7,412, P7
_cTEXL
999 _c1183113
_d1183113